[Event "Moscow Open D University Women"]
[Site "Moscow RUS"]
[Date "2011.01.29"]
[Round "1.3"]
[White "Matveeva, Olga"]
[Black "Fyodorova, Irina"]
[Result "1-0"]
[WhiteTitle "WFM"]
[WhiteElo "2215"]
[BlackElo "1951"]
[WhiteFideId "24107018"]
[BlackFideId "4116950"]
[EventDate "2011.01.29"]

1. d4 Nf6 2. c4 e6 3. Nc3 Bb4 4. e3 O-O 5. Bd3 c5 6. Nf3 Nc6 7. O-O cxd4 8. exd4
b6 9. Bg5 Be7 10. d5 exd5 11. cxd5 Nxd5 12. Bxh7+ Kxh7 13. Qxd5 f6 14. Bf4 Ba6
15. Rfe1 Nb4 16. Qe4+ Kg8 17. Qxe7 Nc2 18. Qe4 Nxa1 19. Qd5+ Kh7 20. Rxa1 Re8
21. Rd1 Qc8 22. Qf5+ Kh8 23. Rxd7 Qc4 24. Qh5+ Kg8 25. Qd5+ Qxd5 26. Rxd5 Bb7
27. Rd7 Bxf3 28. gxf3 Red8 29. Rc7 Rd4 30. Be3 Rb4 31. b3 Kh7 32. Nd5 Rb5 33.
Nxf6+ Kg6 34. Ne4 Rf5 35. Kg2 Rh5 36. Bd4 Rh7 37. Rc6+ Kf5 38. Ng3+ Kf4 39. Rg6
Rh4 40. Rxg7 a5 41. Bf6 1-0

[Event "Moscow Open D University Women"]
[Site "Moscow RUS"]
[Date "2011.01.29"]
[Round "1.4"]
[White "Chukhlantseva, Anna"]
[Black "Minina, Veronika"]
[Result "1-0"]
[WhiteElo "1942"]
[BlackElo "2133"]
[WhiteFideId "4113594"]
[BlackFideId "4174780"]
[EventDate "2011.01.29"]

1. e4 c5 2. Nf3 Nc6 3. d4 cxd4 4. Nxd4 g6 5. Be2 Nf6 6. Nc3 Bg7 7. Be3 O-O 8.
O-O d6 9. Qd2 Bd7 10. Rad1 Rc8 11. h3 Nxd4 12. Bxd4 b5 13. e5 dxe5 14. Bxe5 b4
15. Bxf6 bxc3 16. Bxc3 Bxc3 17. Qxd7 Qxd7 18. Rxd7 Bxb2 19. Bd3 e5 20. Rxa7 f5
21. Rb1 Bc3 22. Ba6 Rc6 23. Rbb7 e4 24. Bb5 Rc5 25. Ba4 Rfc8 26. Bb3+ Kf8 27.
Rf7+ Ke8 28. Ba4+ R5c6 29. Rfc7 1-0

[Event "Moscow Open D University Women"]
[Site "Moscow RUS"]
[Date "2011.01.29"]
[Round "1.5"]
[White "Zarivkina, Victorya"]
[Black "Forova, Tatiana"]
[Result "1-0"]
[WhiteTitle "WFM"]
[WhiteElo "2084"]
[BlackElo "1912"]
[WhiteFideId "24107662"]
[BlackFideId "24117765"]
[EventDate "2011.01.29"]

1. e4 c5 2. Nf3 Nc6 3. d4 cxd4 4. Nxd4 Nf6 5. Nc3 g6 6. Be3 Bg7 7. f3 Qa5 8. Qd2
O-O 9. Bc4 Qb4 10. Bb3 Nxd4 11. Qxd4 Qxd4 12. Bxd4 d6 13. O-O-O Bd7 14. Rhe1
Rfe8 15. Bxf6 Bxf6 16. e5 Bxe5 17. Rxe5 dxe5 18. Rxd7 Rab8 19. Bd5 e6 20. Bxb7
Red8 21. Rc7 Rd6 22. Ne4 Rd4 23. c3 Rdd8 24. Nf6+ Kg7 25. Nd7 1-0

[Event "Moscow Open D University Women"]
[Site "Moscow RUS"]
[Date "2011.01.29"]
[Round "1.6"]
[White "Grabovets, Nadezhda"]
[Black "Dogodkina, Julia"]
[Result "1/2-1/2"]
[WhiteElo "1879"]
[BlackElo "2070"]
[WhiteFideId "24102164"]
[BlackFideId "24143375"]
[EventDate "2011.01.29"]

1. d4 Nf6 2. Nf3 e6 3. Bg5 Be7 4. e3 b6 5. c4 Bb7 6. Be2 O-O 7. O-O h6 8. Bh4 d6
9. Nc3 Nbd7 10. Nd2 c5 11. dxc5 dxc5 12. Bg3 Bc6 13. Bf3 Qc8 14. Qc2 Qb7 15.
Rad1 Rad8 16. Nb5 a6 17. Nd6 Bxd6 18. Bxd6 Rfe8 19. Bg3 e5 20. Bxc6 Qxc6 21. e4
Nh5 22. Bh4 g5 23. Bg3 Ndf6 24. f3 Nxg3 25. hxg3 Nh5 26. Kf2 Qg6 27. g4 Nf4 28.
Nb1 Rd4 29. g3 Ne6 30. b3 Rxd1 31. Rxd1 Nd4 32. Qc1 h5 33. Qe3 hxg4 34. fxg4 Kg7
35. Nc3 Rh8 36. Rg1 Qf6+ 37. Kg2 Nf3 38. Rh1 Rxh1 39. Kxh1 Nd4 40. Kg2 Kg6 41.
Nd5 Qe6 42. Kh3 b5 43. cxb5 axb5 44. Qc1 Qd6 45. Kg2 f6 46. Kh3 Kg7 47. Qa3 Qf8
48. Qa7+ Kh6 49. Qb6 Kg6 50. Qa7 Kh6 51. Qb6 Kg6 1/2-1/2

[Event "Moscow Open D University Women"]
[Site "Moscow RUS"]
[Date "2011.01.29"]
[Round "1.7"]
[White "Yarullina, Alina"]
[Black "Niks, Yana"]
[Result "1-0"]
[WhiteElo "2047"]
[BlackElo "1878"]
[WhiteFideId "24113875"]
[BlackFideId "24117943"]
[EventDate "2011.01.29"]

1. e4 e5 2. Nf3 Nc6 3. d4 exd4 4. Nxd4 Nf6 5. Nxc6 bxc6 6. e5 Qe7 7. Qe2 Nd5 8.
c4 Ba6 9. b3 Nb6 10. Bb2 O-O-O 11. Nd2 Rg8 12. g3 g5 13. O-O-O Bg7 14. f4 gxf4
15. gxf4 Bh6 16. f5 Qc5 17. Kb1 d5 18. exd6 Qxf5+ 19. Qe4 Qa5 20. Nf3 Rg6 21.
Bh3+ Kb7 22. dxc7 Rf8 23. Bf5 Rg2 24. Ne5 Rxb2+ 25. Kxb2 Qc5 26. Nd3 Bg7+ 27.
Kb1 Qa3 28. Ne5 Qc5 29. Rhe1 Kxc7 30. Nd3 Qa3 31. Qe7+ Qxe7 32. Rxe7+ Kb8 33.
Nc5 Bc8 34. Bxc8 Nxc8 35. Nd7+ Ka8 36. Nxf8 Nxe7 37. Rd8+ Kb7 38. Rd7+ Kb6 39.
Rxe7 Bxf8 40. Rxf7 Bd6 41. Rxh7 1-0

[Event "Moscow Open D University Women"]
[Site "Moscow RUS"]
[Date "2011.01.29"]
[Round "1.8"]
[White "Dibirova, Umayganat"]
[Black "Imeeva, Aisa"]
[Result "1/2-1/2"]
[WhiteElo "1871"]
[BlackElo "2043"]
[WhiteFideId "4138503"]
[BlackFideId "24116157"]
[EventDate "2011.01.29"]

1. e4 e5 2. Nf3 Nc6 3. Bb5 a6 4. Ba4 Nf6 5. O-O Be7 6. c3 b5 7. Bb3 d6 8. Re1
O-O 9. h3 Na5 10. Bc2 c5 11. d4 Qc7 12. Nbd2 Bd7 13. Nf1 Rfc8 14. dxe5 dxe5 15.
Bg5 Rd8 16. Qe2 Nc4 17. b3 Nb6 18. Ne3 Be6 19. Rad1 h6 20. Bh4 c4 21. Rxd8+ Rxd8
22. Nf5 cxb3 23. Nxe7+ Qxe7 24. Bxb3 Bc4 25. Qe3 Nbd7 26. Bxc4 bxc4 27. Rd1 Re8
28. Qa7 Nc5 29. Qxe7 Rxe7 30. Rd8+ Kh7 31. Bxf6 gxf6 32. Nd2 Rc7 33. Rd6 Kg7 34.
f3 Na4 35. Nb1 Rb7 36. Na3 Nxc3 37. Nxc4 Rc7 38. Ne3 Ne2+ 39. Kf2 Nf4 40. Rxa6
Rc3 41. Nf5+ Kg6 42. Ne7+ Kg7 43. Nf5+ Kg6 44. Ne7+ 1/2-1/2

[Event "Moscow Open D University Women"]
[Site "Moscow RUS"]
[Date "2011.01.29"]
[Round "1.9"]
[White "Nikitina, Elena"]
[Black "Velichko, Tatiana"]
[Result "1/2-1/2"]
[WhiteTitle "WFM"]
[WhiteElo "2029"]
[BlackElo "1861"]
[WhiteFideId "24110949"]
[BlackFideId "24150070"]
[EventDate "2011.01.29"]

1. e4 c5 2. c3 d6 3. d4 cxd4 4. cxd4 g6 5. Nc3 Bg7 6. Nf3 Nc6 7. Be3 Nf6 8. h3
Bd7 9. Be2 Rc8 10. Rc1 a6 11. O-O O-O 12. Qd2 Na5 13. b3 b5 14. Bd3 Nc6 15. Rfd1
Qa5 16. d5 Ne5 17. Nxe5 dxe5 18. Qb2 b4 19. Ne2 Nxd5 20. Rxc8 Rxc8 21. exd5 e4
22. Bd4 Bxd4 23. Qxd4 exd3 24. Qxd3 Qxa2 25. Nd4 Qa5 26. Qe4 Qc5 27. Re1 Re8 28.
Re2 e6 29. dxe6 Bxe6 30. Nxe6 Rxe6 31. Qa8+ Qf8 32. Qxf8+ Kxf8 33. Rd2 Rc6 34.
Rd4 a5 35. Rd5 Rc1+ 36. Kh2 Ra1 37. Kg3 Ra3 38. Kf4 Rxb3 39. Rxa5 Rb2 40. Ke3
Kg7 41. Ra6 b3 42. g4 Rb1 43. Rb6 b2 44. Kf3 h6 45. h4 h5 46. gxh5 gxh5 47. Kf4
Rh1 48. Rxb2 Rxh4+ 49. Kg3 Rg4+ 50. Kf3 Rg6 51. Rb5 Kh6 52. Rf5 f6 53. Rb5 Rg5
54. Rb8 Rg7 55. Kf4 Rg5 56. f3 Kh7 57. Rb7+ 1/2-1/2

[Event "Moscow Open D University Women"]
[Site "Moscow RUS"]
[Date "2011.01.29"]
[Round "1.10"]
[White "Selifonova, Aleksandra"]
[Black "Smirnova, Anastasia"]
[Result "0-1"]
[WhiteElo "1843"]
[BlackElo "2021"]
[WhiteFideId "24115983"]
[BlackFideId "4196520"]
[EventDate "2011.01.29"]

1. e4 e5 2. Nf3 Nc6 3. Bc4 Be7 4. d4 exd4 5. Nxd4 Nf6 6. Nxc6 dxc6 7. Qxd8+ Bxd8
8. Nc3 b5 9. Bd3 b4 10. Ne2 O-O 11. Bd2 c5 12. c3 Be7 13. e5 Nd7 14. Be4 Rb8 15.
f4 Nb6 16. b3 f6 17. O-O Re8 18. Rac1 Bg4 19. Bf3 Bxf3 20. gxf3 Rbd8 21. Be1 Bf8
22. cxb4 fxe5 23. bxc5 Nd5 24. Bh4 Nf6 25. Rc2 Rd5 26. b4 exf4 27. Nxf4 Rd4 28.
Bxf6 gxf6 29. Nh5 Kf7 30. Rb1 Rb8 31. Rcb2 Rc4 32. Kg2 Bh6 33. a3 Rg8+ 34. Ng3
Bf4 35. Kf2 Be5 36. Rd2 h5 37. Rh1 h4 38. Nf5 Ke6 39. Ne3 Rc3 40. Nc2 h3 41. Rg1
Rxc2 42. Rxc2 Bd4+ 43. Ke2 Bxg1 44. Kf1 Bd4 45. Re2+ Kd5 46. Re4 Rg2 0-1

[Event "Moscow Open D University Women"]
[Site "Moscow RUS"]
[Date "2011.01.29"]
[Round "1.11"]
[White "Lysenko, Maria"]
[Black "Ektova, Elena"]
[Result "1/2-1/2"]
[WhiteElo "2006"]
[BlackElo "1806"]
[WhiteFideId "24122084"]
[BlackFideId "24124419"]
[EventDate "2011.01.29"]

1. d4 Nf6 2. Nf3 g6 3. g3 Bg7 4. Bg2 O-O 5. c4 d5 6. O-O a6 7. Ne5 c6 8. Nc3 e6
9. e4 b5 10. cxd5 cxd5 11. exd5 Nxd5 12. Nxd5 exd5 13. Qb3 Be6 14. Be3 Ra7 15.
Rfd1 Rc7 16. a4 bxa4 17. Rxa4 f6 18. Nd3 Rc4 19. Nc5 Bf7 20. Raa1 Qc8 21. Qa3
Nc6 22. Bf1 Rb4 23. Bxa6 Qg4 24. Qc3 f5 25. h3 Qxh3 26. Nd7 f4 1/2-1/2

[Event "Moscow Open D University Women"]
[Site "Moscow RUS"]
[Date "2011.01.30"]
[Round "2.1"]
[White "Yarullina, Alina"]
[Black "Vasilevich, Irina"]
[Result "0-1"]
[BlackTitle "IM"]
[WhiteElo "2047"]
[BlackElo "2327"]
[WhiteFideId "24113875"]
[BlackFideId "4141296"]
[EventDate "2011.01.29"]

1. e4 c5 2. Nc3 Nc6 3. f4 g6 4. Nf3 Bg7 5. Bc4 e6 6. O-O a6 7. a4 Nge7 8. e5 d5
9. exd6 Nf5 10. Ne4 Nxd6 11. Nxd6+ Qxd6 12. d3 O-O 13. Qe1 b6 14. Qh4 Bb7 15. f5
exf5 16. Bf4 Ne5 17. Rae1 Nxf3+ 18. gxf3 Qd4+ 19. Kg2 Qxb2 20. Re7 Bc6 21. Rfe1
Qf6 22. Bg5 Qd4 23. Qg3 Bf6 24. Rc7 b5 25. axb5 Bxb5 26. Bxf6 Qxf6 27. Rxc5 Bxc4
28. Rxc4 Rfe8 29. Ra4 Qc3 30. Rxe8+ Rxe8 31. Ra2 Qd2+ 32. Kh3 f4 33. Qg1 Re1 34.
Qg2 Re2 35. Qg1 Rf2 36. Qh1 Qe2 37. Rxa6 Rxf3+ 38. Kh4 Qf2+ 39. Kg4 h6 40. Ra8+
Kh7 41. Ra7 Rg3+ 42. hxg3 Qxg3# 0-1

[Event "Moscow Open D University Women"]
[Site "Moscow RUS"]
[Date "2011.01.30"]
[Round "2.3"]
[White "Smirnova, Anastasia"]
[Black "Matveeva, Olga"]
[Result "1/2-1/2"]
[BlackTitle "WFM"]
[WhiteElo "2021"]
[BlackElo "2215"]
[WhiteFideId "4196520"]
[BlackFideId "24107018"]
[EventDate "2011.01.29"]

1. d4 Nf6 2. c4 c5 3. d5 b5 4. Nd2 bxc4 5. e4 d6 6. Bxc4 g6 7. Ne2 Bg7 8. O-O
O-O 9. Nc3 Nbd7 10. f4 Rb8 11. Qe2 Nb6 12. Bd3 Bg4 13. Qe1 Bd7 14. Nf3 Qc8 15.
Ng5 h6 16. Nf3 Bg4 17. Nh4 Bd7 18. Nf3 Qc7 19. a4 c4 20. Bc2 Qb7 21. Be3 Rfc8
22. Bd4 Be8 23. Rb1 Qa6 24. Qh4 Qb7 25. g4 Nh7 26. Bxg7 Kxg7 27. g5 h5 28. f5
Nd7 29. e5 dxe5 30. fxg6 fxg6 31. Qe4 Qc7 32. Nb5 Qc5+ 33. Kh1 a6 34. Nc3 Qd6
35. h4 Nhf8 36. Nd2 Qc5 37. Nf3 Qd6 38. Nd2 Qc5 39. Nf3 Qd6 40. Nd2 1/2-1/2

[Event "Moscow Open D University Women"]
[Site "Moscow RUS"]
[Date "2011.01.30"]
[Round "2.5"]
[White "Dogodkina, Julia"]
[Black "Dibirova, Umayganat"]
[Result "1-0"]
[WhiteElo "2070"]
[BlackElo "1871"]
[WhiteFideId "24143375"]
[BlackFideId "4138503"]
[EventDate "2011.01.29"]

1. e4 d6 2. d4 e5 3. Nf3 Nd7 4. dxe5 Nxe5 5. Nxe5 dxe5 6. Qxd8+ Kxd8 7. Bc4 f6
8. O-O c6 9. a4 Kc7 10. a5 f5 11. exf5 Bxf5 12. c3 Nf6 13. h3 Ne4 14. Nd2 Nd6
15. Re1 Re8 16. Bb3 Bd3 17. Nf3 e4 18. Bf4 Be7 19. Nd4 Kc8 20. Be6+ Kd8 21. a6
Bxa6 22. Nxc6+ Kc7 23. Nb4 Rhf8 24. Bg3 Bg5 25. Nxa6+ bxa6 26. Bxd6+ Kxd6 27.
Rxa6+ Ke5 28. Bd7 Re7 29. Ra5+ Kd6 30. Rd1+ 1-0

[Event "Moscow Open D University Women"]
[Site "Moscow RUS"]
[Date "2011.01.30"]
[Round "2.6"]
[White "Imeeva, Aisa"]
[Black "Grabovets, Nadezhda"]
[Result "1-0"]
[WhiteElo "2043"]
[BlackElo "1879"]
[WhiteFideId "24116157"]
[BlackFideId "24102164"]
[EventDate "2011.01.29"]

1. e4 e5 2. Nf3 d6 3. d4 exd4 4. Nxd4 Nf6 5. Nc3 Be7 6. Bc4 O-O 7. O-O c6 8. Bb3
a5 9. a4 Na6 10. f3 Nc7 11. Nce2 d5 12. e5 Nfe8 13. f4 f6 14. Nf3 fxe5 15. fxe5
Bg4 16. c3 g6 17. Kh1 Ng7 18. Bh6 Nce6 19. Ned4 Re8 20. Nxe6 Nxe6 21. h3 Bf5 22.
c4 d4 23. c5 Bxc5 24. Ng5 Bf8 25. Nxe6 Bxe6 26. Bxe6+ Rxe6 27. Rxf8+ Qxf8 28.
Bxf8 Rxf8 29. Qxd4 Rfe8 30. Re1 b6 31. Qxb6 Ra8 32. Qb3 Re8 33. Rd1 Kf8 34. Rd7
R6e7 35. e6 Kg8 36. Qf3 Rxd7 37. exd7 Rd8 38. Qxc6 Kf7 39. Qd6 1-0

[Event "Moscow Open D University Women"]
[Site "Moscow RUS"]
[Date "2011.01.30"]
[Round "2.7"]
[White "Ektova, Elena"]
[Black "Nikitina, Elena"]
[Result "0-1"]
[BlackTitle "WFM"]
[WhiteElo "1806"]
[BlackElo "2029"]
[WhiteFideId "24124419"]
[BlackFideId "24110949"]
[EventDate "2011.01.29"]

1. c4 Nf6 2. Nc3 c6 3. g3 d5 4. b3 d4 5. Na4 e5 6. Bg2 Nbd7 7. Nf3 Be7 8. O-O
O-O 9. d3 Rb8 10. Nh4 Nc5 11. b4 Nxa4 12. Qxa4 a6 13. a3 b5 14. Qc2 Be6 15. f4
bxc4 16. dxc4 e4 17. f5 d3 18. exd3 Qd4+ 19. Kh1 exd3 20. Bb2 dxc2 21. Bxd4 Bxc4
22. Rf2 Bb3 23. Rc1 Ng4 24. Rfxc2 Bxc2 25. Rxc2 Rfd8 26. Ba7 Rd1+ 27. Bg1 Ne3
28. Rxc6 Nxg2 29. Kxg2 Rd6 30. Rc7 Rd2+ 31. Kh3 Bxh4 32. Kxh4 Ra2 33. Rc3 h6 34.
h3 Rb7 35. Bc5 Rd7 36. g4 Rad2 37. a4 R2d3 38. Rxd3 Rxd3 39. a5 g5+ 40. fxg6
fxg6 41. Bb6 Kf7 42. g5 h5 43. b5 axb5 44. a6 Ra3 45. a7 Ke6 46. Bc5 Ra6 47. Kg3
Kd5 48. Be3 b4 49. Bd2 b3 50. Bc3 Rxa7 0-1

[Event "Moscow Open D University Women"]
[Site "Moscow RUS"]
[Date "2011.01.30"]
[Round "2.8"]
[White "Velichko, Tatiana"]
[Black "Lysenko, Maria"]
[Result "0-1"]
[WhiteElo "1861"]
[BlackElo "2006"]
[WhiteFideId "24150070"]
[BlackFideId "24122084"]
[EventDate "2011.01.29"]

1. e4 c5 2. Nf3 Nc6 3. d4 cxd4 4. Nxd4 Nf6 5. Nc3 e5 6. Ndb5 d6 7. a4 a6 8. Na3
Be6 9. Bg5 Be7 10. Bxf6 Bxf6 11. Nd5 Qa5+ 12. c3 Bxd5 13. exd5 Ne7 14. Bc4 O-O
15. O-O Ng6 16. b4 Qc7 17. g3 b5 18. axb5 axb5 19. Bxb5 Qxc3 20. Qd3 Qxd3 21.
Bxd3 e4 22. Bxe4 Bxa1 23. Rxa1 Rfb8 24. b5 Ra5 25. Nc2 Rxa1+ 26. Nxa1 Rxb5 27.
Nc2 Ne5 28. Ne3 Rb4 29. Bg2 Nc4 30. Nxc4 Rxc4 31. h4 Kf8 32. Bf3 Ke7 33. Kg2 Kf6
34. g4 Ke5 35. Kf1 Kf4 36. Kg2 h6 37. h5 Rd4 0-1

[Event "Moscow Open D University Women"]
[Site "Moscow RUS"]
[Date "2011.01.30"]
[Round "2.11"]
[White "Forova, Tatiana"]
[Black "Bulatkhanova, Bika"]
[Result "1/2-1/2"]
[BlackTitle "WFM"]
[WhiteElo "1912"]
[BlackElo "1978"]
[WhiteFideId "24117765"]
[BlackFideId "24125628"]
[EventDate "2011.01.29"]

1. e4 d6 2. d4 e5 3. Nf3 Nd7 4. Be2 Ngf6 5. Nc3 Be7 6. O-O O-O 7. h3 c6 8. a4 a5
9. Be3 Qc7 10. Qd2 b6 11. Ne1 exd4 12. Qxd4 Nc5 13. f4 Ba6 14. Bxa6 Rxa6 15. Qc4
Nfxe4 16. Nxe4 d5 17. Qe2 dxe4 18. Bxc5 Bxc5+ 19. Kh1 Raa8 20. Qxe4 Rfe8 21. Qc4
Rad8 22. Nd3 Bd4 23. Rae1 c5 24. c3 Bf6 25. Re4 Rxe4 26. Qxe4 Qe7 27. Ne5 Bxe5
28. fxe5 Re8 29. Re1 Qe6 30. Rd1 f6 31. Qb7 Re7 32. Qb8+ Kf7 33. exf6 Qxf6 34.
Kg1 Qe6 35. Rf1+ Kg6 36. Qg3+ Kh6 37. Qf4+ Kg6 38. Kh1 Rd7 39. Rf3 h6 40. Rf1
Rf7 41. Qg3+ Kh7 42. Qd3+ g6 1/2-1/2

[Event "Moscow Open D University Women"]
[Site "Moscow RUS"]
[Date "2011.01.31"]
[Round "3.2"]
[White "Zarivkina, Victorya"]
[Black "Dogodkina, Julia"]
[Result "0-1"]
[WhiteTitle "WFM"]
[WhiteElo "2084"]
[BlackElo "2070"]
[WhiteFideId "24107662"]
[BlackFideId "24143375"]
[EventDate "2011.01.29"]

1. e4 e6 2. d4 d5 3. Nc3 Nc6 4. Be3 Bb4 5. Bd3 Nge7 6. Ne2 dxe4 7. Bxe4 Nd5 8.
Bd2 Nf6 9. Bg5 h6 10. Bxc6+ bxc6 11. Bd2 Ba6 12. O-O Bd6 13. f3 c5 14. Be3 cxd4
15. Bxd4 O-O 16. Qe1 e5 17. Be3 Rb8 18. Rb1 Bb4 19. Bd2 Nh5 20. a3 Bc5+ 21. Kh1
f5 22. b4 Bd6 23. Be3 Bc4 24. Bxa7 Ra8 25. Qf2 e4 26. Qd4 Bxe2 27. Nxe2 Qh4 28.
Qc4+ Kh8 29. Bg1 Rxa3 30. fxe4 Re3 31. Rf3 Rxf3 32. gxf3 Qh3 33. Qd3 fxe4 34.
Qxe4 Rf4 35. Qa8+ Kh7 36. Re1 Rxb4 37. Nf4 Ng3# 0-1

[Event "Moscow Open D University Women"]
[Site "Moscow RUS"]
[Date "2011.01.31"]
[Round "3.3"]
[White "Matveeva, Olga"]
[Black "Imeeva, Aisa"]
[Result "1-0"]
[WhiteTitle "WFM"]
[WhiteElo "2215"]
[BlackElo "2043"]
[WhiteFideId "24107018"]
[BlackFideId "24116157"]
[EventDate "2011.01.29"]

1. d4 Nf6 2. c4 e6 3. Nc3 Bb4 4. e3 O-O 5. Bd3 d5 6. Nf3 dxc4 7. Bxc4 a6 8. O-O
b5 9. Bd3 Bb7 10. a3 Be7 11. b4 Nbd7 12. Bb2 Nb6 13. Qe2 Nfd5 14. Ne4 Na4 15.
Nc5 Bxc5 16. bxc5 Ndc3 17. Bxc3 Nxc3 18. Qc2 Bxf3 19. Bxh7+ Kh8 20. gxf3 Nd5 21.
Be4 f5 22. Bxd5 Qxd5 23. f4 Rf6 24. f3 Rh6 25. Rad1 a5 26. e4 Qd7 27. d5 fxe4
28. fxe4 exd5 29. exd5 b4 30. axb4 axb4 31. Rd2 Qb5 32. Rg2 Ra3 33. Rb1 Rah3 34.
Kh1 b3 35. Qb2 Rf6 36. Qd4 Rh4 37. Rbg1 Rhxf4 38. Qc3 Qb4 39. Qh3+ 1-0

[Event "Moscow Open D University Women"]
[Site "Moscow RUS"]
[Date "2011.01.31"]
[Round "3.4"]
[White "Nikitina, Elena"]
[Black "Smirnova, Anastasia"]
[Result "0-1"]
[WhiteTitle "WFM"]
[WhiteElo "2029"]
[BlackElo "2021"]
[WhiteFideId "24110949"]
[BlackFideId "4196520"]
[EventDate "2011.01.29"]

1. d4 Nf6 2. Nf3 c6 3. g3 d5 4. Bg2 Bg4 5. Nbd2 e6 6. Ne5 Bf5 7. Ndf3 Nbd7 8.
O-O Bd6 9. b3 Ne4 10. Bb2 f6 11. Nxd7 Qxd7 12. c4 h5 13. Nd2 Nxd2 14. Qxd2 h4
15. f4 g5 16. e3 Qh7 17. Kf2 Be4 18. Rg1 O-O-O 19. Rac1 Rdg8 20. Bxe4 hxg3+ 21.
hxg3 Qxe4 22. Rg2 gxf4 23. exf4 Rxg3 24. Kxg3 Bxf4+ 25. Qxf4 Rg8+ 0-1

[Event "Moscow Open D University Women"]
[Site "Moscow RUS"]
[Date "2011.01.31"]
[Round "3.6"]
[White "Chukhlantseva, Anna"]
[Black "Yarullina, Alina"]
[Result "0-1"]
[WhiteElo "1942"]
[BlackElo "2047"]
[WhiteFideId "4113594"]
[BlackFideId "24113875"]
[EventDate "2011.01.29"]

1. e4 c5 2. Nf3 Nc6 3. d4 cxd4 4. Nxd4 g6 5. Be3 Bg7 6. Nc3 Nf6 7. Nxc6 bxc6 8.
e5 Ng8 9. Bd4 Qa5 10. e6 Nf6 11. exf7+ Kxf7 12. f4 d5 13. Be2 Be6 14. O-O c5 15.
Bxf6 Bxf6 16. Qe1 Qb6 17. f5 gxf5 18. Bh5+ Kf8 19. Rb1 Rg8 20. Ne2 Qd6 21. Nf4
Be5 22. Nxe6+ Qxe6 23. Qd2 Bd4+ 24. Kh1 Be3 25. Qd3 Rg5 26. Bf3 Rd8 27. Rbd1 d4
28. Be4 f4 29. b3 Rh5 30. Rf3 Kg7 31. c3 Rf8 32. cxd4 cxd4 33. h3 Rc8 34. a4 Rc3
35. Qb1 Rhc5 36. Rff1 Rxb3 37. Qa1 Qxe4 0-1

[Event "Moscow Open D University Women"]
[Site "Moscow RUS"]
[Date "2011.01.31"]
[Round "3.7"]
[White "Niks, Yana"]
[Black "Emelianova, Ekaterina"]
[Result "1-0"]
[WhiteElo "1878"]
[BlackElo "1770"]
[WhiteFideId "24117943"]
[BlackFideId "24140813"]
[EventDate "2011.01.29"]

1. e4 c6 2. d4 d5 3. Nc3 dxe4 4. Nxe4 Bf5 5. Ng3 Bg6 6. Nf3 Nd7 7. h4 h6 8. h5
Bh7 9. Bd3 Bxd3 10. Qxd3 Qc7 11. Be3 Ngf6 12. O-O-O e6 13. Ne2 O-O-O 14. Kb1 Bd6
15. c4 c5 16. Nc3 a6 17. d5 exd5 18. Nxd5 Nxd5 19. Qxd5 Nf6 20. Qf5+ Qd7 21. Qc2
Qc6 22. Qf5+ Qd7 23. Nh4 Kc7 24. Qxd7+ Nxd7 25. Nf5 Be5 26. Rd5 b6 27. f4 Bf6
28. Nd6 Rhf8 29. g4 Be7 30. Nf5 Bf6 31. Bf2 Nb8 32. Rhd1 Nc6 33. g5 hxg5 34.
fxg5 Bxg5 35. Bg3+ Kc8 36. Nd6+ Rxd6 37. Bxd6 Be7 38. Bxe7 Nxe7 39. Rd6 Nf5 40.
Rxb6 Ng3 41. Rd5 f5 42. Rxc5+ Kd7 43. Rb7+ Ke6 44. Rxg7 f4 45. Rg6+ Kd7 46. h6
Ne4 47. Rd5+ Kc7 48. h7 Rh8 49. Rh5 1-0

[Event "Moscow Open D University Women"]
[Site "Moscow RUS"]
[Date "2011.01.31"]
[Round "3.9"]
[White "Bulatkhanova, Bika"]
[Black "Velichko, Tatiana"]
[Result "1-0"]
[WhiteTitle "WFM"]
[WhiteElo "1978"]
[BlackElo "1861"]
[WhiteFideId "24125628"]
[BlackFideId "24150070"]
[EventDate "2011.01.29"]

1. c4 c5 2. Nc3 Nc6 3. e4 e5 4. g3 Nf6 5. Bg2 Be7 6. Nge2 O-O 7. O-O d6 8. h3
Be6 9. d3 Qd7 10. Kh2 Ne8 11. f4 f5 12. Nd5 fxe4 13. dxe4 Rd8 14. f5 Bf7 15. Be3
Nf6 16. Nec3 Nxd5 17. Nxd5 Nd4 18. g4 Bxd5 19. cxd5 Qb5 20. g5 Qe2 21. Qxe2 Nxe2
22. Rf2 Nf4 23. h4 h6 24. Bxf4 exf4 25. f6 gxf6 26. gxh6 f5 27. Rxf4 fxe4 28.
Rg4+ Kh8 29. Bxe4 Rf2+ 30. Kh3 Bf6 31. Rag1 Be5 32. Rg6 Rdf8 33. R1g2 Rf1 34.
Bc2 Rh1+ 35. Kg4 Rf4+ 36. Kg5 Rhxh4 37. Re6 Bf6+ 38. Rxf6 Rxf6 39. Kxf6 1-0

[Event "Moscow Open D University Women"]
[Site "Moscow RUS"]
[Date "2011.01.31"]
[Round "3.10"]
[White "Selifonova, Aleksandra"]
[Black "Forova, Tatiana"]
[Result "1-0"]
[WhiteElo "1843"]
[BlackElo "1912"]
[WhiteFideId "24115983"]
[BlackFideId "24117765"]
[EventDate "2011.01.29"]

1. e4 c5 2. Nf3 Nc6 3. d4 cxd4 4. Nxd4 Nf6 5. Nc3 g6 6. Be3 Bg7 7. f3 Qa5 8. Qd2
O-O 9. g4 d6 10. O-O-O Nxd4 11. Bxd4 Be6 12. Kb1 Qc7 13. h4 h5 14. g5 Nd7 15.
Bxg7 Kxg7 16. f4 Nb6 17. Be2 f5 18. gxf6+ Rxf6 19. f5 Nc4 20. Qd4 Bg8 21. Rhg1
Kh6 22. Rxg6+ Rxg6 23. fxg6 e5 24. Qg1 Rc8 25. Qg5+ Kg7 26. Rf1 Rf8 27. Rxf8
Kxf8 28. g7+ Qxg7 29. Qd8+ Kf7 30. Bxc4+ 1-0

[Event "Moscow Open D University Women"]
[Site "Moscow RUS"]
[Date "2011.01.31"]
[Round "3.11"]
[White "Grabovets, Nadezhda"]
[Black "Ektova, Elena"]
[Result "1/2-1/2"]
[WhiteElo "1879"]
[BlackElo "1806"]
[WhiteFideId "24102164"]
[BlackFideId "24124419"]
[EventDate "2011.01.29"]

1. d4 Nf6 2. Nf3 g6 3. Bg5 Bg7 4. e3 O-O 5. Nbd2 c5 6. c3 d6 7. Bc4 d5 8. Bd3 c4
9. Bc2 Nc6 10. O-O b5 11. e4 Bg4 12. h3 Be6 13. exd5 Bxd5 14. Re1 Qc7 15. Ne4
Nxe4 16. Bxe4 e6 17. Qd2 Rfe8 18. Bxd5 exd5 19. Rxe8+ Rxe8 20. Re1 Qd7 21. Kf1
f6 22. Bf4 Kf7 23. Bh6 g5 24. Bxg7 Kxg7 1/2-1/2